00420nam a2200121 a 450000500170000000800410001702000180005805000230007610000140009924501110011326000400022465000340026420140414093843.0090319s19uu xx 00 eng d a89-86744-70-8 aCD 420.7bCAM 2007 aCambridge aIELTS - 6 with answers :bexamination papers from University of Cambridge ESOL Examinations /cCambridge. bCambridge University Press,cc2007. aEnglish as a second language.